000 02556cam a2200421 4500500
005 20260412000725.0
041 _afre
042 _adc
100 1 0 _aDworkin, James B.
_eauthor
700 1 0 _aNielsen, Jordan D.
_eauthor
700 1 0 _aDatla, Rushitha
_eauthor
245 0 0 _aThe Symbiotic Nature of Collective Bargaining: The Case of Wage Bargaining in Major League Baseball
260 _c2026.
500 _a84
520 _aIn this paper we address the symbiotic relationship that exists in Major League Baseball (MLB) between sectoral and enterprise level collective bargaining. While there has been much discussion regarding the merits and problems with these two levels of bargaining, we demonstrate that in the case of MLB both co-exist quite effectively. Instead of focusing on which level of negotiations is most appropriate, we argue that both sectoral and firm-level collective bargaining with individual players can operate together as a regulation mechanism in wage bargaining.
520 _aDans cet article, les auteurs s’intéressent à la relation symbiotique entre les négociations collectives d’entreprise et sectorielle dans le baseball professionnel aux États-Unis. Si la littérature traite généralement ces deux paliers de négociation comme les termes d’une alternative et s’intéresse aux avantages et aux inconvénients de chacun d’eux, les auteurs montrent qu’ils coexistent en fait de façon plutôt harmonieuse dans le cas des ligues majeures de baseball (MLB), agissant de concert en tant que mécanisme régulateur pour la fixation des salaires.
690 _aarbitrage salarial
690 _acontrôle des équipes sur l’emploi des joueurs
690 _aéquipes sportives professionnelles
690 _ajoueurs agents libres
690 _aLigues majeures de baseball
690 _anégociation collective
690 _anégociation d’entreprise
690 _anégociation sectorielle
690 _apouvoir de négociation
690 _arelation symbiotique
690 _abargaining power
690 _acollective bargaining
690 _aenterprise bargaining
690 _afree agency
690 _aMajor League Baseball
690 _asalary arbitration
690 _asectoral bargaining
690 _asymbiotic relationship
690 _ateam control over players’ employment
786 0 _nNégociations | 43 | 2 | 2026-04-07 | p. 55-70 | 1780-9231
856 4 1 _uhttps://shs.cairn.info/revue-negociations-2025-2-page-55?lang=en&redirect-ssocas=7080
999 _c2210994
_d2210994